|
|
|
|
| LEADER |
00000naa2a2200000 4500 |
| 001 |
612469 |
| 005 |
20231101132717.0 |
| 035 |
|
|
|a (RuTPU)RU\TPU\conf\10591
|
| 035 |
|
|
|a RU\TPU\conf\10418
|
| 090 |
|
|
|a 612469
|
| 100 |
|
|
|a 20150617d2014 k y0rusy50 ca
|
| 101 |
0 |
|
|a rus
|
| 102 |
|
|
|a RU
|
| 105 |
|
|
|a y z 101zy
|
| 135 |
|
|
|a drcn ---uucaa
|
| 181 |
|
0 |
|a i
|
| 182 |
|
0 |
|a b
|
| 200 |
1 |
|
|a Молекулярный состав нефтей и рассеянного органического вещества пород фундамента, вскрытых на шельфе Южно-Китайского моря (месторождение "Белый Тигр", Вьетнам)
|f Ву Ван Хай, Ву Тхуи Нган
|g науч. рук. О. В. Серебренникова
|
| 203 |
|
|
|a Текст
|c электронный
|
| 225 |
1 |
|
|a Нефтегазоносность морей и океанов Земли
|
| 230 |
|
|
|a 1 компьютерный файл (pdf; 598 Кб)
|
| 300 |
|
|
|a Заглавие с титульного экрана
|
| 320 |
|
|
|a [Библиогр.: с. 139 (4 назв.)]
|
| 337 |
|
|
|a Adobe Reader
|
| 463 |
|
0 |
|0 (RuTPU)RU\TPU\conf\10372
|t Творчество юных - шаг в успешное будущее
|o материалы VII Межрегиональной студенческой научной студенческой конференции с элементами научной школы имени профессора М.К. Коровина, г. Томск, 10-14 ноября 2014 г.
|f Национальный исследовательский Томский политехнический университет (ТПУ) ; под ред. А. Ю. Дмитриева
|v [С. 137-139]
|d 2014
|
| 610 |
1 |
|
|a труды учёных ТПУ
|
| 610 |
1 |
|
|a электронный ресурс
|
| 610 |
1 |
|
|a молекулярный состав
|
| 610 |
1 |
|
|a нефти
|
| 610 |
1 |
|
|a органические вещества
|
| 610 |
1 |
|
|a горные породы
|
| 610 |
1 |
|
|a Южно-Китайское море
|
| 610 |
1 |
|
|a Вьетнам
|
| 610 |
1 |
|
|a Белый Тигр
|
| 610 |
1 |
|
|a насыщенные углеводороды
|
| 700 |
|
0 |
|a Ву Ван Хай
|c геохимик
|c аспирант Томского политехнического университета
|f 1985-
|2 stltpush
|3 (RuTPU)RU\TPU\pers\29349
|
| 701 |
|
0 |
|a Ву Тхуи Нган
|
| 702 |
|
1 |
|a Серебренникова
|b О. В.
|c геохимик
|c профессор Томского политехнического университета, доктор химических наук
|f 1949-
|g Ольга Викторовна
|2 stltpush
|4 727
|
| 712 |
0 |
2 |
|a Национальный исследовательский Томский политехнический университет (ТПУ)
|b Институт природных ресурсов (ИПР)
|b Кафедра геологии и разведки полезных ископаемых (ГРПИ)
|h 2181
|2 stltpush
|3 (RuTPU)RU\TPU\col\18660
|
| 801 |
|
2 |
|a RU
|b 63413507
|c 20210226
|g RCR
|
| 856 |
4 |
|
|u http://www.lib.tpu.ru/fulltext/c/2015/C66/051.pdf
|
| 942 |
|
|
|c BK
|